LEADER 01045nam a2200193 i 4500 001 000000020652 003 CaOOAMICUS 005 20180830125445.0 008 180830n it u000 u ita u 040 $aSeMil$bita 245 10$aCursus philosophiae thomisticae :$bad theologiam doctoris angelici propaedeuticus. 260 $aParisiis :$bsumptibus P. Lethielleux 300 $av. ;$c23 cm. 650 4$aFilosofia tomista.$0(OLS)http://semarc/subject/214 774 0 $aHugon, Édouard $tMetaphysica. Prima pars.$dParisiis : sumptibus P. Lethielleux, imprim. 1907.$g4$w()71972 774 0 $aHugon, Édouard $tMetaphysica. Secunda pars.$dParisiis : sumptibus P. Lethielleux, imprim. 1907.$g5$w()71973 774 0 $aHugon, Édouard $tMetaphysica. Tertia pars.$dParisiis : sumptibus P. Lethielleux, imprim. 1907.$g4$w()71974 996 $6245$aCursus philosophiae thomisticae :$bad theologiam doctoris angelici propaedeuticus$9(OLS)http://semarc/title/27233 996 $6260$aParisiis :$bsumptibus P. Lethielleux$9(OLS)http://semarc/publisher/35354 LEADER 01580nam a2200205 i 4500 001 000000203971 003 CaOOAMICUS 005 20110712000000.0 008 110712s1564 xx u000 u lat u 013 $a182688 040 $aSeMil$bita 245 10$a[Prudentius, Aurelius Clemens] Theodori Pulmanni Cranenburgii et Victoris Giselini opera, ex fide decem librorum manuscriptorum emendatus, et in eum, eiusdem Victoris Giselini commentarius ; Symmachi et Ambrosii de religione epistolae adversariae, Petri Nannii Alcmariani et Victoris Giselini Scholiis illustratae. 260 $aAnversa :$bex off. Christophori Plantini,$c1564, 3 agosto (III Nonas augusti) 300 $a10 x 15,5 ;$cvol. 1 con due tomi ;$cpp. I, 352 ;$cII, 128 ;$cgr. e rom. 500 $aDescrizione da : Incunaboli e Cinquecentine della Biblioteca del Seminario di Milano / catalogo a cura di Ubaldo Valentini, Milano 1981. - Numero di catalogo : 1342. 700 1 $aPrudentius Clemens, Aurelius,$d<348-ca. 405>.$0(OLS)http://semarc/name/9095 850 $aSeMil 852 $aSeMil$W1$xVenegono$y1$mFV.D III 6$j154465$B154465$CSeMilBibl$Z2$F165324 $86 996 $6245$a[Prudentius, Aurelius Clemens] Theodori Pulmanni Cranenburgii et Victoris Giselini opera, ex fide decem librorum manuscriptorum emendatus, et in eum, eiusdem Victoris Giselini commentarius ; Symmachi et Ambrosii de religione epistolae adversariae, Petri Nannii Alcmariani et Victoris Giselini Scholiis illustratae$9(OLS)http://semarc/title/295523 996 $6260$aAnversa :$bex off. Christophori Plantini$9(OLS)http://semarc/publisher/47307